Responses for show #5033 - Wednesday, June 28, 2006

Contestants

[<< previous game]

Sidney Tison, a veterinarian from Suwanee, Georgia

Cait Murphy, an editor originally from Cos Cob, Connecticut

Mark Edelson, a software developer from Toronto, Ontario, Canada (whose 2-day cash winnings total $24,199)

[next game >>]

Jeopardy! Round responses

(Alex: We'll name a country. You have to tell us what country is...)
ON ITS EASTERN BORDER
ROCK LEGENDS
FAMILIAR PHRASES
WHO WANTS TO BE A LEGIONNAIRE?
(Alex: The French Foreign Legion, of course.)
50-50
ASK THE AUDIENCE
(Alex: We won't ask this audience, however.)
    $200 1
(Sidney: What is, um... Uh! No.)

the Dominican Republic

CaitSidney
    $200 16
Smokey Robinson

Mark
    $200 26
a silver spoon

Sidney
    $200 17
France

Sidney
    $200 2
Q

Mark
    $200 11
Oprah Winfrey

Sidney
    $400 3
(Sidney: What is Laos?)

Vietnam

CaitSidney
    $400 22
(Sidney: Who is Beck?)
(Mark: Who is Plant?)
(Alex: No. Cait's not gonna ring in. She's frozen with her signaling device up in the air like this. Who is [*]?)

Jimmy Page

MarkSidney
Triple Stumper
    $400 27
a clean slate

Cait
    $400 18
Algeria

Sidney
    $400 7
Noah's Ark

Mark
    $400 12
(Cait: What is Radio City Music Hall?)

Carnegie Hall

CaitSidney
    $600 4
Malaysia

Cait
    $600 23
The Righteous Brothers

Sidney
    $600 28
(Cait: What is Peoria?)
...
(Alex: Ooh, the expression is, I thought, fairly familiar. "Banned in [*]." [*].)

Boston

Cait
Triple Stumper
    $600 19
the Franco-Prussian War

Mark
    $600 8
a turban

Sidney
    $600 13
(Sidney: Who is Miriam Anderson?)

Marian Anderson

CaitSidney
    $800 5
South Africa

Mark
    $800 24
Chuck Berry

Triple Stumper
    $800 29
(Sidney: What is ad-lib?)

wing it

MarkSidney
    $800 20
Beau Geste

Sidney
    $800 9
(Sidney: What is North Korea?)
(Mark: What is South Korea?)

Cuba

MarkSidney
Triple Stumper
    $800 14
The Rite of Spring

Mark
    $1000 6
Nicaragua

Mark
    $1000 25
Creedence Clearwater Revival (CCR)

Triple Stumper
    $1000 30
(Alex: She talked about her [*] when she was green in judgment.)

salad days

Triple Stumper
    $600 21
(Sidney: What is Elba?)
(Alex: No, sorry. What is [*]? You were thinking of Napoleon, probably.)

Corsica

Sidney
    $1000 10
(Sidney: What is Cerebus?)
(Cait: Uh, what is the hydra?)
...
(Alex: [*], not Cerebus, yes. A slight error there that cost you.)

Cerberus

MarkCaitSidney
    $1000 15
(George) Gallup

Sidney

Scores at the first commercial break (after clue 15):

Mark Cait Sidney
$3,400 $400 -$800

Scores at the end of the Jeopardy! Round:

Mark Cait Sidney
$4,600 $200 -$400

Double Jeopardy! Round responses

BRITISH POETS & POETRY
MOVIE CRITTERS
(Alex: You have to identify what kind of an animal each one is.)
FLOWERS
PULLING RANK
FAMOUS AMERICANS' HOMES
GIVE ME AN "E"
    $400 6
(Mark: Who is Edward Lear?)

Lewis Carroll

MarkSidney
    $400 1
a dog

Cait
    $400 21
the sunflower

Sidney
    $400 11
an Eagle Scout

Cait
    $400 26
Will Rogers

Sidney
    $400 16
an elective

Mark
    $800 7
The Faerie Queene

Sidney
    $800 2
a meerkat

Sidney
    $800 22
the poker

Sidney
    $800 12
(Cait: What is to the Court of St. James?)

ambassador (to the Court of St. James)

Cait
Triple Stumper
    $800 27
Daniel Boone

Triple Stumper
    $800 17
an embolism

Cait
    $1200 8
Thomas Hardy

Cait
    $1200 3
a horse

Cait
    $1200 23
(Hawaiian) leis

Triple Stumper
    $1200 13
(Mark: What is a CEO?)
(Cait: What is a CFO?)

vice president

MarkCait
Triple Stumper
    $1200 28
Frederick Douglass

Cait
    $1200 18
an epicurean

Mark
    $1600 9
(Mark: Who is Emily Dickinson?)

Elizabeth Barrett Browning

Mark
Triple Stumper
    $1600 4
(Cait: What is a rabbit?)
...
(Alex: Austin Powers, yes.)

a cat

CaitSidney
    $1600 24
silverrods

Mark
    $1,500 14
(Cait: What is a general?)
...
(Alex: Gilbert and Sullivan, yes.)

major general

Cait
    $1600 29
Norman Rockwell

Triple Stumper
    $1600 19
Esperanto

Mark
    $2000 10
Wordsworth

Cait
    $2000 5
(Alex: Harry Potter, yes.)

owls

Sidney
    $2000 25
a Clematis

Triple Stumper
    $2000 15
deacon

Triple Stumper
    $2,100 30
Thomas Wolfe

Cait
    $2000 20
escritoire

Mark

Scores at the end of the Double Jeopardy! Round:

Mark Cait Sidney
$8,200 $4,400 $6,800

[wagering suggestions for these scores]

Final Jeopardy! Round responses

WORLD EVENTS
(Alex: What produced a big "boom!" in the late 1800s?)
...
(Alex: But congratulations to you, Sidney. You came out of the red many times to win this game and become the Jeopardy! champion.)
CaitWhat is Krakatoa?
$4,000
SidneyWhat was Krakatoa?
$6,600
MarkWhat is the Great Fire of Chicago
$5,401
the eruption of Krakatoa

Final scores:

Mark Cait Sidney
$2,799 $8,400 $13,400
3rd place: $1,000 2nd place: $2,000 New champion: $13,400

Game dynamics:

Coryat scores:

Mark Cait Sidney
$8,200 $5,800 $7,400
14 R,
5 W
13 R
(including 1 DD),
7 W
(including 1 DD)
17 R,
8 W
(including 1 DD)

Combined Coryat: $21,400

The J! Archive is created by fans, for fans. The Jeopardy! game show and all elements thereof, including but not limited to copyright and trademark thereto, are the property of Jeopardy Productions, Inc. and are protected under law. This website is not affiliated with, sponsored by, or operated by Jeopardy Productions, Inc. Join the discussion at JBoard.tv.